Návrh na zlepšenie systému zlepšovacích návrhov

Saved in:
Bibliographic Details
Main Author: Miškolci, Igor (Author)
Other Authors: Mĺkva, Miroslava (Thesis advisor)
Format: Manuscript Book
Language:Slovak
Published: 2023
Subjects:
Online Access:http://is.stuba.sk/zp/portal_zp.pl?podrobnosti=179455
Tags: Add Tag
No Tags, Be the first to tag this record!

MARC

LEADER 00000ntm a22000003a 4500
001 stuzp93179
003 SK-STU
005 20230909214234.1
007 ta
008 150427s2015----xo-----f-mn---000-0-slo-d
040 |a STU  |b slo 
041 0 |a slo 
100 1 |a Miškolci, Igor  |u 064000  |k Z9  |4 aut  |U MTF Materiálovotechnologická fakulta  |T MTF Ústav priemyselného inžinierstva a manažmentu  |X 80598  |U M4000  |Y 84  |7 80598 
242 0 1 |a Design of improvement suggestion system optimization  |y eng 
245 1 0 |a Návrh na zlepšenie systému zlepšovacích návrhov 
260 |c 2023 
650 4 |a zlepšovanie procesov  |2 slo 
650 4 |a motivácia zamestnancov  |2 slo 
650 4 |a KAIZEN  |2 slo 
650 4 |a zlepšovací návrh  |2 slo 
650 4 |a process improvement  |2 eng 
650 4 |a employee motivation  |2 eng 
650 4 |a KAIZEN  |2 eng 
650 4 |a improvement suggestion  |2 eng 
700 1 |a Mĺkva, Miroslava  |u 064000  |k Z1  |4 ths  |U MTF Materiálovotechnologická fakulta  |T MTF Ústav priemyselného inžinierstva a manažmentu  |X 4176  |U M4000  |Y 84  |7 A000004176 
856 4 |u http://is.stuba.sk/zp/portal_zp.pl?podrobnosti=179455 
996 |c M* DP-15192  |l MMSKP  |s P  |a 0  |w stuzp93179_0001